Sports Quiz

Random Sports or College Quiz
Score 0/20 Timer 07:00
0 Plays Today
Hint Answer % Correct
StateMissouri
98.5%
Team ColorBlack
93.4%
Team ColorGold
93.1%
NicknameTigers
92.1%
ConferenceSEC
89%
No. of Women's Varsity Sports10
80.4%
No. of Men's Varsity Sports8
79.8%
Primary RivalKansas
77.6%
CityColumbia
75.2%
Famous Alum: QB ____ LockDrew
72.5%
Hint Answer % Correct
Famous Alum: SP ___ ScherzerMax
69.5%
Famous Alum: TE Kellen _______Winslow
62.8%
Sport w/ most NCAA ChampionshipsBaseball (1)
58.9%
Basketball ArenaMizzou Arena
53%
Primary RivalIllinois
45.9%
MascotTruman the Tiger
33.5%
Football StadiumFaurot Field
29.6%
Fight SongFight, Tiger
16.6%
Athletic DirectorJim Sterk
15.7%
Baseball StadiumTaylor Stadium
13.9%
Remove Ads.
Support Sporcle.
Get the best of Sporcle when you Go Orange. This ad-free experience offers more features, more stats, and more fun while also helping to support Sporcle. Thank you for becoming a member.

You're not logged in!

Compare scores with friends on all Sporcle quizzes.
OR
Log In

Show Comments

Extras

Top Quizzes Today


Score Distribution

Your Account Isn't Verified!

In order to create a playlist on Sporcle, you need to verify the email address you used during registration. Go to your Sporcle Settings to finish the process.

Report this User

Report this user for behavior that violates our Community Guidelines.

Details: